| 000 | 00383nam a2200133Ia 4500 | ||
|---|---|---|---|
| 008 | 220216s9999 xx 000 0 und d | ||
| 100 | _aThomas E V | ||
| 245 | 0 | _aProcessing and service properties of oil-extended natural rubber prepared from latex | |
| 260 |
_bRubber Board Bulletin _c1976 |
||
| 300 | _a10-May | ||
| 700 | _aGopalakrishnan K S | ||
| 700 |
_aNair _BK K |
||
| 942 | _cJS | ||
| 999 |
_c65770 _d65770 |
||